Trhacia technika 2009 zborník prednášok z medzinárodnej konferencie : Kongresové centrum Academia Stará Lesná, 28.-29. 05. 2009 Slovak Republic

Podrobná bibliografia
Ďalší autori: Beránek, Mikuláš, 1933- (Zostavovateľ, kompilátor)
Médium: Kniha
Jazyk:slovenčina
čeština
angličtina
poľština
Fyzický popis:234 s. fotogr., mp., sch., tab. 21 cm
Vydavateľské údaje: Banská Bystrica Slovenská spoločnosť pre trhacie a vŕtacie práce 2009
ISBN:9788096874897 (brož.)
Vydanie:[1. vyd.]
Predmet:

MARC

LEADER 00000cam a2200000 a 4500
001 vtls009952096
003 SK-MaSNL
005 20260316143724.0
008 160610s2009 xo obl f a 100 0 slo
015 |a SNBA2009/09-05119 
020 |a 9788096874897 (brož.) 
035 |a 4617C6E9-966E-4822-B804-AB1D11AFAE2F 
035 |a urn:nbn:sk:snk-amkxzm 
035 |a urn:nbn:sk:snk-am008crv 
040 |a SNK  |b slo  |c SNK  |e AACR2 
041 0 |a slo  |a cze  |a eng  |a pol  |b slo  |b eng  |b pol 
044 |a xo  |c SK 
072 7 |a 662  |x Výbušniny. Palivá  |2 konspekt 
080 |a 662.2  |2 2001 
080 |a 622.235  |2 2001 
080 |a (062.534)  |2 2001 
245 0 0 |a Trhacia technika 2009  |b zborník prednášok z medzinárodnej konferencie : Kongresové centrum Academia Stará Lesná, 28.-29. 05. 2009 Slovak Republic  |c [zostavil: Mikuláš Beránek] 
246 1 1 |a Blasting Techniques 2009 
250 |a [1. vyd.] 
260 |a Banská Bystrica  |b Slovenská spoločnosť pre trhacie a vŕtacie práce  |c 2009 
300 |a 234 s.  |b fotogr., mp., sch., tab.  |c 21 cm 
500 |a Náz. z obalu 
504 |a Bibliogr. odkazy 
546 |a Text aj čes., angl. a poľ. Res. slov., angl. a poľ. 
650 0 7 |a trhaviny  |2 SNKPH  |9 50974 
650 0 7 |a trhacie práce  |2 SNKPH  |9 3572 
650 0 7 |a Explosives  |2 SNKPHeng  |9 332104 
650 0 7 |a Blasting  |2 SNKPHeng  |9 332105 
655 7 |a zborníky konferencií  |2 SNKPH  |9 70153 
655 7 |a Proceedings of conferences  |2 SNKPHeng  |9 265791 
700 1 |a Beránek, Mikuláš,  |d 1933-  |4 com  |9 1634864 
730 0 |a Trhacia technika 2009  |9 699932 
919 |a 978-80-968748-9-7 
958 |a NB 
958 |a OND 
968 |d 66/69 
999 |c 1089294  |d 1091224 
952 |a SNK  |b SNK  |y PREZ  |7 0  |p 17A0632262  |o snkSC 137206  |i snk2009/16870  |8 0  |0 0  |1 0  |4 0  |d 2009-09-21  |l 0  |r 2025-07-03 00:00:00  |w 2026-02-24 
952 |a SNK  |b SNK  |y VYP  |7 0  |p 17A0632263  |o snkSC 137206 D1  |i snk2009/16871  |8 0  |0 0  |1 0  |4 0  |d 2009-09-21  |f 1  |l 0  |r 2026-02-24 16:52:38  |w 2026-02-24